000 00348nam a2200133Ia 4500
008 240624s9999 xx 000 0 und d
041 _aeng
082 _a658 POR
100 _aPORTER MICHAEL E
245 _aCOMPETITIVE STRATEGY TECHNIQUES FOR ANAL
260 _c2004
_aNew York
_bFree Press NY
300 _axxi, : 396 : p. : cm. ; 24
365 _cRS
999 _c3696
_d3696